乃木坂46のMVのYouTube再生回数Top20 - Statistics

General Stats
  • This quiz has been taken 141 times
  • The average score is 14 of 20
Answer Stats
Hint Answer % Correct
9362 インフルエンサー
96%
6293 シンクロニシティ
92%
3207 サヨナラの意味
86%
1877 逃げ水
83%
5328 帰り道は遠回りしたくなる
82%
4310 裸足でSummer
81%
1470 制服のマネキン
80%
1548 おひとりさま天国
75%
3508 Sing Out!
70%
2869 ジコチューで行こう!
67%
1488 しあわせの保護色
67%
3422 I see...
65%
1576 君に叱られた
62%
2438 夜明けまで強がらなくてもいい
61%
2988 いつかできるから今日できる
60%
1439 ここにはないもの
59%
2054 きっかけ
58%
1856 僕は僕を好きになる
58%
1616 ごめんねFingers crossed
57%
1842 バンドエイド剥がすような別れ方
46%
No matching quizzes found
Score Distribution
Percent of People with Each Score
Percentile by Number Answered
Your Score History
You have not taken this quiz